000
00232nam a22001097a 4500
003
SGT
082
_a
346.540436,BAR
100
_a
BARE,ACT
245
_a
TRANSFER OF PROPERTY ACT,1882
260
_a
NEW DELHI
_b
2015
942
_2
ddc
_c
BK
_0
5
999
_c
11994
_d
11994